| 000 | 00591nam a2200193Ia 4500 | ||
|---|---|---|---|
| 003 | GCL | ||
| 008 | 140319s9999 xx 000 0 eng d | ||
| 040 |
_aGCL / _cGCL |
||
| 082 | 0 | 4 |
_a621.3693 _bH P |
| 100 | 1 | _aHORNAK, LAWRENCE A. | |
| 245 | 1 | 0 |
_aPolymers for Lightwave and Integrated Optics: Technology and Applications / _cHORNAK, LAWRENCE A. |
| 260 |
_a[S.N] : _bMARCEL DEKKER, INC ، _c1992 |
||
| 300 | _a744.P | ||
| 650 | 0 | 4 | _aNONLINEAR OPTICS |
| 650 | 0 | 4 | _aINEGRATED OPTICS MATERIALS |
| 650 | 0 | 4 | _aOPTICAL WAVE GUIDES MALERIALS |
| 650 | 0 | 4 | _aCONDUCTING PALYMERS |
| 942 |
_2ddc _cBK |
||
| 999 |
_c11548 _d11548 |
||